000 00590nam a22001817a 4500
003 OSt
005 20140310181731.0
008 130313t xxu||||| |||| 00| 0 eng d
020 _a9719162139
050 _aDS 667.2.
_b.N322 2000
082 _aFIL 499.2110722
_bN22 2000
100 _aNavarro, Atoy
245 _aPantayong pananaw, ugat at kabuluhan :
_bpambungad sa pag-aaral ng bagong kasaysayan /
_cAtoy Navarro, Mary Jane Rodriguez, Vic Villan.
260 _aMandaluyong City :
_bPalimbagang Kalawagan
_c2000.
300 _a197 p. :
_c22 cm.
942 _2lcc
_cBK
_kFIL
999 _c2410
_d2410